00659cam a22002177a 4500003000500000005001700005008004100022010001000063011001000073035001000083040000900093082002000102100002500122245013500147250001000282260003300292300002000325650004400345650002400389700002800413CHAP20220617062539.0971013s1945 r 00010 d a57805 a58777 a62933 cCHAP a664.1bS65 194500aSpencer, Guilford L.10aCane sugar handbookb: a manual for cane sugar manufacturers and their chemistsc/by Guilford L. Spencer and George Peterkin Meade a8 ed. aNew York :bWiley,c(c.1945) a834 p.b: ilus.14aAzúcarxFabricación y refinación.13aIndustria azucarera0 aMeade, George Peterkin.